Sports Quiz

Random Sports or NCAA Quiz

2013 NCAA Tourney Round of 64 Upsets Quiz Stats

 Plays Quiz not verified by Sporcle

Challenge
Share
Tweet
Embed
Score 0/10 Timer 02:00
0 Plays Today
% Correct
Florida Gulf Coast
95.3%
Harvard
90.6%
LaSalle
89.8%
Wichita State
89%
Ole Miss
89%
Oregon
87.4%
California
86.6%
Iowa State
86.6%
Temple
83.5%
Minnesota
82.7%

You're not logged in!

Compare scores with friends on all Sporcle quizzes.
OR
Log In

You Might Also Like...

Show Comments

Extras

Top Quizzes Today


Score Distribution

Your Account Isn't Verified!

In order to create a playlist on Sporcle, you need to verify the email address you used during registration. Go to your Sporcle Settings to finish the process.

Report this User

Report this user for behavior that violates our Community Guidelines.

Details: